Pays européens avec le taux de chômage le plus élevé - Statistiques

Statistiques générales
  • Ce quiz a été pris 403 fois
  • Le résultat moyen est 6 sur 10
Statistiques - réponses
% Pays % Correct
16.8 Espagne
83%
21.7 Grece
81%
11.9 Serbie
73%
17.5 Albanie
70%
35.3 Kosovo
70%
20.8 Macedoine
66%
17.3 Montenegro
64%
18.4 Bosnie Herzégovine
63%
10.3 Lettonie
32%
10.6 Autriche
22%
Aucun quiz correspondant
Distribution des résultats
% des personnes avec chaque résultat
Percentile par nombre de réponses
Votre historique - résultats
Vous n’avez pas pris ce quiz